Nghệ thuật làm hoa vải, hoa giấy
Đã lưu trong:
| Hovedforfatter: | |
|---|---|
| Format: | Bog |
| Sprog: | Undetermined |
| Udgivet: |
Tp. HCM
Nxb. Tp. HCM
1992
|
| Fag: | |
| Tags: |
Tilføj Tag
Ingen Tags, Vær først til at tagge denne postø!
|
| Thư viện lưu trữ: | Trung tâm Học liệu Trường Đại học Cần Thơ |
|---|
| LEADER | 00482nam a2200169Ia 4500 | ||
|---|---|---|---|
| 001 | CTU_9594 | ||
| 008 | 210402s9999 xx 000 0 und d | ||
| 082 | |a 745.54 | ||
| 082 | |b Đ116 | ||
| 100 | |a Lê Ngọc Đăng | ||
| 245 | 0 | |a Nghệ thuật làm hoa vải, hoa giấy | |
| 245 | 0 | |c Lê Ngọc Đăng | |
| 260 | |a Tp. HCM | ||
| 260 | |b Nxb. Tp. HCM | ||
| 260 | |c 1992 | ||
| 650 | |a handicraft,paper, handmade | ||
| 980 | |a Trung tâm Học liệu Trường Đại học Cần Thơ | ||